000
00307nam a22001457a 4500
008
230907b ||||| |||| 00| 0 eng d
020
_a
78165154
041
_a
eng
080
_a
521
082
_a
521RON
100
_a
19
101
_a
ASTRO
245
_a
INVISIBLE ASTRONOMY
_c
RONAN.C
942
_2
udc
_c
BK
999
_c
60287
_d
60287